The Holy Spirit and the authority of the name. (Record no. 14247)

000 -LEADER
fixed length control field 00508nam a2200181 a 4500
001 - CONTROL NUMBER
control field :::00012076$&:&@@
003 - CONTROL NUMBER IDENTIFIER
control field OkBaRHE
005 - DATE AND TIME OF LATEST TRANSACTION
control field 20000607103415.0
008 - FIXED-LENGTH DATA ELEMENTS--GENERAL INFORMATION
fixed length control field j 000 0 eng u
040 ## - CATALOGING SOURCE
Transcribing agency
100 1# - MAIN ENTRY--PERSONAL NAME
Personal name Thom, Robert.
245 14 - TITLE STATEMENT
Title The Holy Spirit and the authority of the name.
260 ## - PUBLICATION, DISTRIBUTION, ETC. (IMPRINT)
Place of publication, distribution, etc No Imprint.
300 ## - PHYSICAL DESCRIPTION
Extent 236 p.
650 ## - SUBJECT ADDED ENTRY--TOPICAL TERM
Topical term or geographic name as entry element Holy Spirit
942 ## - ADDED ENTRY ELEMENTS (KOHA)
Source of classification or shelving scheme
Koha item type Books
Copies
Copy number Date acquired Koha item type Current Location Lost status Damaged status Shelving location Withdrawn status Date checked out Total Checkouts Price effective from Not for loan Barcode Permanent Location Source of classification or shelving scheme Date last seen Full call number
12010-04-14BooksRHEMA Bible Training College  General Stacks 2016-05-0322010-04-14 12076RHEMA Bible Training College 2016-05-05BX 8781 .Z6T49